00971nam a2200181 i 4500001000300000245020200003260004200205300003500247490013500282710005100417830012300468020001500591040000800606041000800614080002900622008004100651856009700692bg 0aWłaściwości mechaniczne materiałów rolniczych. =bMechanical properties of agricultural materials : transactions from the 10th Polish- Hungarian Symposium Lublin, September 4-6, 1990Z. 397. aLublin :bInstytut Agrofizyki,c1991. a73 s. :brys., wykr. ;c24 cm.1 aZeszyty Problemowe Postępów Nauk Rolniczych / Polska Akademia Nauk. Wydział Nauk Rolniczych i Leśnych,x0084-5477 ;vz. 397 aPOLSKA AKADEMIA NAUK. Wydział Nauk Rolniczych 0aZeszyty Problemowe Postępów Nauk Rolniczych (Polska Akademia Nauk. Wydział Nauk Rolniczych i Leśnych) ;vz. 397 a8390034727 cBPK apol a631.4:63:539.3/.6(061.3) s pl f |000 0 pol  uhttp://koha.tu.koszalin.pl/cgi-bin/koha/opac-detail.pl?biblionumber=5948yKatalog online BPK